Metalcasting

Bibliographic Details
Main Author: Ammens, C.W
Format: Book
Published: New York : McGraw-Hill , 2000
Subjects:

MARC

LEADER 00000cam a2200000 7i4500
001 0000043436
005 20010422.0
020 |a 007134246X 
090 0 0 |a 671.2   |b AMM 
100 1 |a Ammens, C.W. 
245 1 0 |a Metalcasting   |c C.W. Ammen 
260 |a New York :   |b McGraw-Hill ,   |c 2000 
300 |a 434p. ;   |c 24cm. 
650 0 0 |a Founding 
650 0 0 |a Metal casting 
999 |a 099298   |b BUKU   |c RUJUKAN   |e PERPUSTAKAAN KOMUNITI PETALING JAYA